00185nam a2200073Ia 4500008004100000082000800041100001800049245004400067240331s9999 xx 000 0 und d bJAY aJayawardena,K 0aEthnic and Class Conflicts in Sri Lanka